<?xml version="1.0" encoding="UTF-8"?>
<collection xmlns:xsi="http://www.w3.org/2001/XMLSchema-instance" xsi:schemaLocation="http://www.loc.gov/MARC21/slim http://www.loc.gov/standards/marcxml/schema/MARC21slim.xsd" xmlns="http://www.loc.gov/MARC21/slim">
 <record>
  <leader>00000cam a22000003a 4500</leader>
  <controlfield tag="001">UP-1685594773861955050</controlfield>
  <controlfield tag="003">Buklod</controlfield>
  <controlfield tag="005">20140513160212.0</controlfield>
  <controlfield tag="006">g||| |     ||   ||</controlfield>
  <controlfield tag="007">ta</controlfield>
  <controlfield tag="008">140513s2005    xx     d     r    |||| u|</controlfield>
  <datafield tag="020" ind1=" " ind2=" ">
   <subfield code="a">9781595581204</subfield>
  </datafield>
  <datafield tag="020" ind1=" " ind2=" ">
   <subfield code="a">1595581200</subfield>
  </datafield>
  <datafield tag="035" ind1=" " ind2=" ">
   <subfield code="a">(iLib)UPBAG-00013651232</subfield>
  </datafield>
  <datafield tag="090" ind1=" " ind2=" ">
   <subfield code="a">HD 4483</subfield>
   <subfield code="b">R63 2005</subfield>
  </datafield>
  <datafield tag="100" ind1="1" ind2=" ">
   <subfield code="a">Rogers, Heather</subfield>
   <subfield code="d">1970-</subfield>
  </datafield>
  <datafield tag="245" ind1="1" ind2="0">
   <subfield code="a">Gone tomorrow</subfield>
   <subfield code="b">the hidden life of garbage</subfield>
   <subfield code="c">Heather Rogers.</subfield>
  </datafield>
  <datafield tag="264" ind1=" " ind2="1">
   <subfield code="a">New York</subfield>
   <subfield code="b">New Press</subfield>
   <subfield code="c">2005.</subfield>
  </datafield>
  <datafield tag="300" ind1=" " ind2=" ">
   <subfield code="a">xi, 288 p.</subfield>
   <subfield code="b">ill.</subfield>
   <subfield code="c">20 cm.</subfield>
  </datafield>
  <datafield tag="504" ind1=" " ind2=" ">
   <subfield code="a">Includes bibliographical references (pp. 233-275) and index.</subfield>
  </datafield>
  <datafield tag="505" ind1="0" ind2=" ">
   <subfield code="a">Introduction: the conquest of  garbage -- The &quot;waste stream&quot; -- Rubbish past -- Rationalized waste -- Technological fix: the sanitary landfill -- The golden age of waste -- Spaceship Earth: waste and environmentalism --  Recycling: the politics of containment -- The corporatization of garbage -- Green by any means.</subfield>
  </datafield>
  <datafield tag="520" ind1="1" ind2=" ">
   <subfield code="a">&quot;Journalist Heather Rogers guides us through the grisly, oddly fascinating underworld of trash. Excavating the history of rubbish handling from the 1800s - an era of garbage-grazing urban hogs and dump-dwelling rag pickers - to the present, with its high-tech &quot;mega-fills&quot; operated by multi-billion-dollar garbage corporations, Rogers investigates the roots of today's waste-addicted culture. Gone Tomorrow also explores the politics of recycling, which is popular but has serious limitations, and is only a first step toward more fundamental solutions such as reuse and the reduction of packaging.&quot; &quot;Combining a gripping expose with a potent argument for change, Rogers's book traces the connections between modern industrial production, consumer culture, and our throwaway lifestyle.&quot;--Book Jacket.</subfield>
  </datafield>
  <datafield tag="650" ind1=" " ind2="0">
   <subfield code="a">Refuse and refuse disposal</subfield>
   <subfield code="z">United States</subfield>
   <subfield code="x">History.</subfield>
  </datafield>
  <datafield tag="650" ind1=" " ind2="0">
   <subfield code="a">Refuse and refuse disposal.</subfield>
  </datafield>
  <datafield tag="852" ind1="0" ind2=" ">
   <subfield code="a">UPBAG</subfield>
   <subfield code="b">KTRC</subfield>
   <subfield code="h">HD 4483 R63 2005</subfield>
  </datafield>
  <datafield tag="942" ind1=" " ind2=" ">
   <subfield code="a">Book</subfield>
  </datafield>
 </record>
</collection>
